<?xml version="1.0" encoding="UTF-8"?>
<marc:record xmlns:marc="http://www.loc.gov/MARC21/slim">
   <marc:leader>00000nam a2200000 a 4500</marc:leader>
   <marc:datafield ind1="1" ind2=" " tag="100">
      <marc:subfield code="a">Erber, Christoph Konrad</marc:subfield>
      <marc:subfield code="4">aut</marc:subfield>
      <marc:subfield code="e">Verfasser/-in</marc:subfield>
   </marc:datafield>
   <marc:datafield ind1="0" ind2="0" tag="245">
      <marc:subfield code="a">Rafting</marc:subfield>
   </marc:datafield>
   <marc:datafield ind1="0" ind2="0" tag="245">
      <marc:subfield code="c">Christoph Erber</marc:subfield>
   </marc:datafield>
   <marc:datafield ind1=" " ind2="1" tag="264">
      <marc:subfield code="a">Welver</marc:subfield>
      <marc:subfield code="b">Stein</marc:subfield>
   </marc:datafield>
   <marc:datafield ind1="1" ind2=" " tag="490">
      <marc:subfield code="a">Outdoorhandbuch</marc:subfield>
      <marc:subfield code="v">Bd. 1 : Basiswissen für draußen</marc:subfield>
   </marc:datafield>
   <marc:datafield ind1=" " ind2=" " tag="250">
      <marc:subfield code="a">1. Aufl.</marc:subfield>
   </marc:datafield>
   <marc:datafield ind1="1" ind2=" " tag="520">
      <marc:subfield code="a">Angaben aus der Verlagsmeldung

Rafting / von Christoph Erber

Eine Auszeit vom Alltag nehmen – mit Freunden in ein Abenteuer abseits der Zivilisation eintauchen. Rafting auf wilden, naturbelassenen Flüssen bietet die perfekte Voraussetzung dafür. Es ist ein Teamsport, der so schnell nicht langweilig wird, denn mit zunehmendem Können eröffnen sich neue, wildere Bäche für den Sportler.
In diesem Buch finden Sie eine Hilfestellung für das richtige Basiswissen, um sich von der richtigen, der sicheren Seite ans Thema Wildwasser und Rafting anzunähern. Welches Boot ist das richtige, wo kann ich den Sport zunächst einmal ausprobieren? Sie finden detaillierte Ausführungen, aus welchen Elementen ein Wildfluss besteht und wie sie zu befahren sind. Die richtige Schlagtechnik für Steuerleute und Crew wird genauso vermittelt wie sämtliche Planungen, die im Um- und Vorfeld einer Raftingtour zu beachten sind. Ergänzt werden auch detaillierte Beschreibungen der Wettkampftechnik für alle, die ein bisschen tiefer in die Materie vordringen möchten.
</marc:subfield>
   </marc:datafield>
   <marc:datafield ind1=" " ind2=" " tag="020">
      <marc:subfield code="a">9783866860018</marc:subfield>
      <marc:subfield code="9">9783866860018</marc:subfield>
   </marc:datafield>
   <marc:datafield ind1=" " ind2=" " tag="020">
      <marc:subfield code="a">3866860013</marc:subfield>
      <marc:subfield code="9">3866860013</marc:subfield>
   </marc:datafield>
   <marc:datafield ind1=" " ind2=" " tag="041">
      <marc:subfield code="a">ger</marc:subfield>
   </marc:datafield>
   <marc:datafield ind1=" " ind2=" " tag="300">
      <marc:subfield code="a">104 S.</marc:subfield>
   </marc:datafield>
</marc:record>
